<?xml version="1.0" encoding="UTF-8"?>
<record
    xmlns:xsi="http://www.w3.org/2001/XMLSchema-instance"
    xsi:schemaLocation="http://www.loc.gov/MARC21/slim http://www.loc.gov/standards/marcxml/schema/MARC21slim.xsd"
    xmlns="http://www.loc.gov/MARC21/slim">

  <leader>01242nam a22001937a 4500</leader>
  <controlfield tag="003">NUST</controlfield>
  <controlfield tag="005">20251218094722.0</controlfield>
  <controlfield tag="008">251217b           ||||| |||| 00| 0 eng d</controlfield>
  <datafield tag="020" ind1=" " ind2=" ">
    <subfield code="a">9786968535742</subfield>
  </datafield>
  <datafield tag="082" ind1=" " ind2=" ">
    <subfield code="a">954.91009581,LAT</subfield>
  </datafield>
  <datafield tag="100" ind1=" " ind2=" ">
    <subfield code="a">Latif, Zahid</subfield>
    <subfield code="9">132151</subfield>
  </datafield>
  <datafield tag="245" ind1=" " ind2=" ">
    <subfield code="a">Pakistan's Search for Peace with Afghanistan:</subfield>
    <subfield code="b">Statecraft, Policy and Strategy /</subfield>
    <subfield code="c">Zahid Latif</subfield>
  </datafield>
  <datafield tag="260" ind1=" " ind2=" ">
    <subfield code="a">NUST Press</subfield>
    <subfield code="b">Islamabad, Pakistan</subfield>
    <subfield code="c">2025</subfield>
  </datafield>
  <datafield tag="300" ind1=" " ind2=" ">
    <subfield code="a">xxii, 216 p</subfield>
  </datafield>
  <datafield tag="505" ind1=" " ind2=" ">
    <subfield code="a">Introduction (Page-1), Genesis of Pakistan Afghan Policy (1947-1992) and The Nature of Its Ethnic Leaning (Page-39), Pakistan Post-Cold War Policy Towards Afghanistan and the Deepening of Its Ethnic Orientation (Page-59), Application of Pakistan's Military Instrument in Support of Post-9/11 Afghan Policy (Page-103), Pakistan's Policy and The Indo-U.S Presence in Afghanistan ((Page-120), Collapse of The Islamic Republic of Afghanistan and the Resurgence of the Taliban (Page-141), Some Reflections on the Perpetual Issues of Afghan Policy (Page-146), Future Policy and Interdependence (Page-163), Statecraft, Policy and Strategy for the Future (Page-181).</subfield>
  </datafield>
  <datafield tag="650" ind1=" " ind2=" ">
    <subfield code="a">Pak-Afghan Relations</subfield>
    <subfield code="9">132345</subfield>
  </datafield>
  <datafield tag="651" ind1=" " ind2=" ">
    <subfield code="a">Pakistan's Foreign Policy</subfield>
    <subfield code="9">132346</subfield>
  </datafield>
  <datafield tag="942" ind1=" " ind2=" ">
    <subfield code="2">ddc</subfield>
    <subfield code="c">BK</subfield>
  </datafield>
  <datafield tag="999" ind1=" " ind2=" ">
    <subfield code="c">615557</subfield>
    <subfield code="d">615557</subfield>
  </datafield>
  <datafield tag="952" ind1=" " ind2=" ">
    <subfield code="0">0</subfield>
    <subfield code="1">0</subfield>
    <subfield code="2">ddc</subfield>
    <subfield code="4">0</subfield>
    <subfield code="7">0</subfield>
    <subfield code="a">MCS</subfield>
    <subfield code="b">MCS</subfield>
    <subfield code="c">GEN</subfield>
    <subfield code="d">2025-12-17</subfield>
    <subfield code="o">954.91009581,LAT</subfield>
    <subfield code="p">MCS38940</subfield>
    <subfield code="r">2025-12-17</subfield>
    <subfield code="w">2025-12-17</subfield>
    <subfield code="y">BK</subfield>
    <subfield code="z">Almirah Fresh No.43, Shelf No.2</subfield>
  </datafield>
  <datafield tag="952" ind1=" " ind2=" ">
    <subfield code="0">0</subfield>
    <subfield code="1">0</subfield>
    <subfield code="2">ddc</subfield>
    <subfield code="4">0</subfield>
    <subfield code="7">0</subfield>
    <subfield code="a">MCS</subfield>
    <subfield code="b">MCS</subfield>
    <subfield code="c">REF</subfield>
    <subfield code="d">2025-12-17</subfield>
    <subfield code="o">954.91009581,LAT</subfield>
    <subfield code="p">MCS38942</subfield>
    <subfield code="r">2025-12-17</subfield>
    <subfield code="w">2025-12-17</subfield>
    <subfield code="y">REF</subfield>
    <subfield code="z">Almirah Fresh No.43, Shelf No.2</subfield>
  </datafield>
  <datafield tag="952" ind1=" " ind2=" ">
    <subfield code="0">0</subfield>
    <subfield code="1">0</subfield>
    <subfield code="2">ddc</subfield>
    <subfield code="4">0</subfield>
    <subfield code="7">0</subfield>
    <subfield code="a">MCS</subfield>
    <subfield code="b">MCS</subfield>
    <subfield code="c">GEN</subfield>
    <subfield code="d">2025-12-17</subfield>
    <subfield code="o">954.91009581,LAT</subfield>
    <subfield code="p">MCS38941</subfield>
    <subfield code="r">2025-12-17</subfield>
    <subfield code="w">2025-12-17</subfield>
    <subfield code="y">BK</subfield>
    <subfield code="z">Almirah Fresh No.43, Shelf No.2</subfield>
  </datafield>
  <datafield tag="952" ind1=" " ind2=" ">
    <subfield code="0">0</subfield>
    <subfield code="1">0</subfield>
    <subfield code="2">ddc</subfield>
    <subfield code="4">0</subfield>
    <subfield code="7">0</subfield>
    <subfield code="a">MCS</subfield>
    <subfield code="b">MCS</subfield>
    <subfield code="c">GEN</subfield>
    <subfield code="d">2025-12-17</subfield>
    <subfield code="o">954.91009581,LAT</subfield>
    <subfield code="p">MCS38938</subfield>
    <subfield code="r">2025-12-17</subfield>
    <subfield code="w">2025-12-17</subfield>
    <subfield code="y">BK</subfield>
    <subfield code="z">Almirah Fresh No.43, Shelf No.2</subfield>
  </datafield>
  <datafield tag="952" ind1=" " ind2=" ">
    <subfield code="0">0</subfield>
    <subfield code="1">0</subfield>
    <subfield code="2">ddc</subfield>
    <subfield code="4">0</subfield>
    <subfield code="7">0</subfield>
    <subfield code="a">MCS</subfield>
    <subfield code="b">MCS</subfield>
    <subfield code="c">GEN</subfield>
    <subfield code="d">2025-12-17</subfield>
    <subfield code="o">954.91009581,LAT</subfield>
    <subfield code="p">MCS38939</subfield>
    <subfield code="r">2025-12-17</subfield>
    <subfield code="w">2025-12-17</subfield>
    <subfield code="y">BK</subfield>
    <subfield code="z">Almirah Fresh No.43, Shelf No.2</subfield>
  </datafield>
</record>
